000 00746nam a22002417a 4500
005 20170124110034.0
010 _aA-599836
020 _c00.00
_a8174545246
035 _aA-599836
037 _bCen Lib/Ret
040 _aDPL
_bEN
082 _a300.1
_bVER
100 _aVerma, Baidya Nath
_922321
245 _aNew directions in theory and methodology in social sciences /
_cby Baidya Nath Verma
260 _aBombay
_bPopular Prakashan
_c1993
270 _a35-C,Pandit Madan Mohan Malaviya Marg
_bBombay
_e400034
300 _axiv,193p.
_c21m(Hb)
500 _aIncludes index
650 _aSocial sciences
_922322
650 _aSocial sciences--Methodology
_99183
700 _921947
942 _2ddc
_cEN
_h300.1
_mVER
999 _c128070
_d128070